| 000 | 00656nam a2200241Ia 4500 | ||
|---|---|---|---|
| 001 | 43516 | ||
| 005 | 20240114003551.0 | ||
| 007 | ta | ||
| 008 | 081121s2003 g b000 u 465 u | ||
| 040 | _aCotton College,Assam | ||
| 041 | _a465 | ||
| 082 |
_a512 _bMa 32 Hi |
||
| 100 | _aMapa, Sadan Kumar . | ||
| 245 | 0 |
_aHigher Algebra (For Degree Honours Course) / _cSadan Kumar Mapa. _hTextual Documents |
|
| 250 | _aIst ed / | ||
| 260 |
_aCalcutta : _bSarat Book Distributors , _c2003. |
||
| 300 |
_a315p ; _c20cm. |
||
| 653 | _aHigher Algebra | ||
| 653 | _aG- Mathmatics | ||
| 942 |
_2ddc _cBK |
||
| 999 |
_c43482 _d43482 |
||